| 000 | 00815nam a22002177a 4500 | ||
|---|---|---|---|
| 999 |
_c4528 _d4528 |
||
| 001 | 12488 | ||
| 003 | BD-DhUAP | ||
| 005 | 20201116112859.0 | ||
| 008 | 201112s2009 bg ||||| |||| 00| 0 eng d | ||
| 020 | _a9847015600846 | ||
| 040 |
_aBD-DhUAP _bBen _cBD-DhUAP _dBD-DhUAP |
||
| 082 |
_223 _a190.9 ISL |
||
| 100 | _aইসলাম, আমিনুল। | ||
| 245 |
_aপাশ্চাত্য দর্শনের ইতিহাস : _bরুশো থেকে সমকাল / _cআমিনুল ইসলাম। |
||
| 260 |
_aঢাকা : _bমাওলা ব্রাদার্স, _cc২০০৯। |
||
| 300 |
_aখণ্ড ; _c২২ সে.মি.। |
||
| 500 | _aনির্ঘণ্ট সম্বলিত। | ||
| 505 | _aখণ্ড ২-- | ||
| 650 | _aPhilosophy. | ||
| 942 |
_2ddc _cBK |
||